LIBRARY & INFORMATION CENTRE, KCAET, TAVANUR

ONLINE PUBLIC ACCESS CATALOGUE (OPAC)

Pre-Degree practical physics / (Record no. 10124)

MARC details
000 -LEADER
fixed length control field 00580cam a2200241ua 4500
041 ## - LANGUAGE CODE
Language code of text/sound track or separate title eng
082 ## - DEWEY DECIMAL CLASSIFICATION NUMBER
Classification number 530
Item number JOH/PR
100 ## - MAIN ENTRY--AUTHOR NAME
Personal name John, U.V .
245 ## - TITLE STATEMENT
Title Pre-Degree practical physics /
250 ## - EDITION STATEMENT
Edition statement 3 /
260 ## - PUBLICATION, DISTRIBUTION, ETC. (IMPRINT)
Place of publication Ernakulam :
Name of publisher Co-operative Publishers ,
Year of publication 1965.
300 ## - PHYSICAL DESCRIPTION
Number of Pages 96 ; .
700 1# - ADDED ENTRY--PERSONAL NAME
Personal name Daniel, P.A .
700 1# - ADDED ENTRY--PERSONAL NAME
Personal name Vareed, P.V .
942 ## - ADDED ENTRY ELEMENTS (KOHA)
Koha item type Books
Holdings
Withdrawn status Lost status Damaged status Home library Current library Date acquired Full call number Accession Number Koha item type
Withdrawn     KAUAET Sanskrit University 07/04/2012 530 10735 Books
Withdrawn     KAUAET Sanskrit University 07/04/2012 530 5536 Books
Withdrawn     KAUAET Sanskrit University 07/04/2012 530 5531 Books
Withdrawn     KAUAET Sanskrit University 07/04/2012 530 5533 Books
free website counter